000 nam a22 7a 4500
999 _c8157
_d8157
008 171201b xxu||||| |||| 00| 0 eng d
020 _a9788172162498
100 _aPhysical Education
_94592
245 _aLeadership Techniques in Physical Education
260 _aNew Delhi
_bFriends Publication
_c2008